Croner's A-Z essentials: licensed premises management (Record no. 101681)

MARC details
000 -LEADER
fixed length control field 01122cam a2200289 4500
008 - FIXED-LENGTH DATA ELEMENTS--GENERAL INFORMATION
fixed length control field 010928n2002 000 0 eng u
020 ## - INTERNATIONAL STANDARD BOOK NUMBER
International Standard Book Number 1855246562
035 ## - SYSTEM CONTROL NUMBER
System control number (Sirsi) u114907
041 ## - LANGUAGE CODE
Language code of text/sound track or separate title eng.
050 ## - LIBRARY OF CONGRESS CALL NUMBER
Classification number 647.95
-- 18
100 ## - MAIN ENTRY--PERSONAL NAME
Personal name Boella, M
-- Editor
110 ## - MAIN ENTRY--CORPORATE NAME
Corporate name or jurisdiction name as entry element Croner.CCH Group Ltd
9 (RLIN) 4204
245 ## - TITLE STATEMENT
Title Croner's A-Z essentials: licensed premises management
250 ## - EDITION STATEMENT
Edition statement 2nd ed.
260 ## - PUBLICATION, DISTRIBUTION, ETC.
Place of publication, distribution, etc. Kingston-upon-Thames
Name of publisher, distributor, etc. Croner
Date of publication, distribution, etc. 2002
300 ## - PHYSICAL DESCRIPTION
Extent viii, 523p.
Dimensions 22cm.
350 ## - PRICE (NR) (BK AM CF MU VM SE) [OBSOLETE]
Price 27.50
490 ## - SERIES STATEMENT
Series statement Croner's A-Z Essentials
520 ## - SUMMARY, ETC.
Summary, etc. Sets out to provide the busy licensee and licensed premises manager with an up-to-date reference on a range of essential issues concerning the management of licensed premises. Among the many topics covered are: cellar management; children and young persons; door supervisors; licensing legislation/rights and duties; and vending machines and gaming.
650 ## - SUBJECT ADDED ENTRY--TOPICAL TERM
Topical term or geographic name entry element HOSPITALITY INDUSTRY
650 ## - SUBJECT ADDED ENTRY--TOPICAL TERM
Topical term or geographic name entry element GAMING LAWS
650 ## - SUBJECT ADDED ENTRY--TOPICAL TERM
Topical term or geographic name entry element CLUB LAWS
650 ## - SUBJECT ADDED ENTRY--TOPICAL TERM
Topical term or geographic name entry element LICENSING
650 ## - SUBJECT ADDED ENTRY--TOPICAL TERM
Topical term or geographic name entry element MANAGEMENT TECHNIQUES
690 ## - LOCAL SUBJECT ADDED ENTRY--TOPICAL TERM (OCLC, RLIN)
Topical term or geographic name as entry element MANAGEMENT-BUSINESS MANAGEMENT
942 ## - ADDED ENTRY ELEMENTS (KOHA)
Suppress in OPAC 0
Holdings
Withdrawn status Lost status Source of classification or shelving scheme Damaged status Not for loan Home library Current library Shelving location Date acquired Cost, normal purchase price Total Checkouts Full call number Barcode Date last seen Date last checked out Copy number Cost, replacement price Price effective from Koha item type
    Dewey Decimal Classification     London London Books 23/12/2002 33.50 2 647.95 BOE 30068290 06/08/2019 11/01/2006 1 33.50 06/08/2019 Book